[Event "Titled Tue 18th Nov 2025"]
[Site "chess.com INT"]
[Date "2025.11.18"]
[Round "2"]
[White "Nakamura,Hi"]
[Black "Yeganegi,Barad"]
[Result "1-0"]
[WhiteElo "2813"]
[BlackElo "2386"]

1.Nf3 g6 2.e4 Bg7 3.d4 c5 4.dxc5 Qa5+ 5.c3 Qxc5 6.Be3 Qc7 7.Na3 a6 8.Nc4 Nc6
9.Nb6 Rb8 10.Nd5 Qd6 11.Bb6 Nf6 12.Bc7 Qe6 13.Ng5  1-0

[Event "Titled Tue 18th Nov 2025"]
[Site "chess.com INT"]
[Date "2025.11.18"]
[Round "3"]
[White "Nguyen Ngoc Truong Son"]
[Black "Nakamura,Hi"]
[Result "0-1"]
[WhiteElo "2600"]
[BlackElo "2813"]

1.e4 c5 2.c3 d5 3.exd5 Qxd5 4.Nf3 g6 5.Na3 Bg7 6.Bc4 Qd8 7.Qb3 Nh6 8.d4 O-O
9.Bxh6 Bxh6 10.dxc5 Nd7 11.Rd1 Qc7 12.O-O Nxc5 13.Qc2 a6 14.Qe2 b5 15.Bd5 Rb8
16.Qe5 Bf4 17.Qxc7 Bxc7 18.Nd4 Rb6 19.Nc6 Re8 20.b4 Na4 21.c4 Bb7 22.cxb5 Nc3
23.Rd3 Nxd5 24.Rxd5 axb5 25.Rd7 Bd6 26.Nd4 Ba6 27.Nac2 Rc8 28.Ne3 Bb7 29.Nb3 Bc6
30.Ra7 Bxb4 31.Rd1 Bd6 32.Nd5 Rb7 33.Ra6 Bxd5 34.Rxd5 Rc2 35.g3 h5 36.Kg2 Rb2
37.Rd2 Rxd2 38.Nxd2 Rc7 39.Ne4 Be5 40.Rb6 Rc4 41.Nd2 Rc5 42.Ne4 Rd5 43.Rb7 Kf8
44.Rb8+ Bxb8  0-1

[Event "Titled Tue 18th Nov 2025"]
[Site "chess.com INT"]
[Date "2025.11.18"]
[Round "4"]
[White "Nakamura,Hi"]
[Black "Bluebaum,M"]
[Result "1-0"]
[WhiteElo "2813"]
[BlackElo "2680"]

1.c4 e6 2.Nf3 d5 3.d4 Nf6 4.Bg5 Bb4+ 5.Nbd2 h6 6.Bxf6 Qxf6 7.Qa4+ Nc6 8.e3 O-O
9.Rc1 Bd7 10.cxd5 exd5 11.Qb3 Rfe8 12.a3 Ba5 13.Be2 Bg4 14.Qd3 Bf5 15.Qb5 Bb6
16.O-O Rad8 17.Rfe1 Ne7 18.Bd3 c6 19.Qb3 Ng6 20.Bxf5 Qxf5 21.Qc2 Qg4 22.b4 Re6
23.a4 Rde8 24.Nf1 Bc7 25.b5 Nh4 26.Nxh4 Qxh4 27.bxc6 bxc6 28.Qe2 Qxd4 29.Qa6 Qb6
30.Qd3 Qa5 31.Ra1 Bb6 32.Rec1 Rd8 33.Nd2 c5 34.Nf3 c4 35.Qc2 Rc6 36.Rd1 Rcc8
37.Rab1 a6 38.h4 c3 39.h5 Rd6 40.Rd3 Rc4 41.Ne5 Qxa4 42.Qxa4 Rxa4 43.Rxc3 g6
44.Rc8+ Kg7 45.hxg6 fxg6 46.Rb8 Re4 47.Rb7+ Kg8 48.Nxg6 Rxg6 49.R1xb6 Ree6
50.Rb4 Rg7 51.Rb8+ Kh7 52.Rd8 Reg6 53.g3 Rg5 54.Rd4 a5 55.Ra8 Rg4 56.Rxd5 Ra4
57.Rdxa5 Rb4 58.R5a7 Rb2 59.Kg2 Rbb7 60.Rxb7 Rxb7 61.Ra4 Rf7 62.Rd4 Rg7 63.f4 Rg8
64.e4 Kh8 65.e5 Kh7 66.Kf3 Ra8 67.f5 Kg7 68.Rd7+ Kf8 69.f6 Ra3+ 70.Kf4 Ra4+
71.Kf5 Ra1  1-0

[Event "Titled Tue 18th Nov 2025"]
[Site "chess.com INT"]
[Date "2025.11.18"]
[Round "5"]
[White "Theodorou,Nikolas"]
[Black "Nakamura,Hi"]
[Result "0-1"]
[WhiteElo "2656"]
[BlackElo "2813"]

1.d4 Nf6 2.c4 e6 3.Nf3 Bb4+ 4.Nbd2 b6 5.a3 Bxd2+ 6.Nxd2 Bb7 7.e3 O-O 8.b3 d5
9.Bb2 Nbd7 10.Bd3 dxc4 11.bxc4 c5 12.O-O Qe7 13.f4 Rfd8 14.Qe2 Rac8 15.Rac1 Nb8
16.Bb1 Nc6 17.Nf3 Na5 18.Ne5 Be4 19.Ba2 Nc6 20.Rfd1 Na5 21.Rd2 Bb7 22.Rdd1 Ne4
23.d5 f6 24.Bb1 Nd6 25.Qh5 f5 26.g4 Naxc4 27.Rxc4 Nxc4 28.Nxc4 Rxd5 29.Rxd5 Bxd5
30.gxf5 Bxc4 31.fxe6 Bxe6 32.Qxh7+ Kf8 33.Be5 Qd7 34.Qh8+ Bg8 35.Bh7 Qd1+
36.Kf2 Qd2+ 37.Kf3 Qd5+ 38.Kf2 Qa2+ 39.Kg3 Qf7 40.Bd6+ Ke8 41.Bxg8 Qg6+ 42.Kf2 Kd7
43.Be5 c4 44.Qh3+ Kd8 45.Be6 Rc6 46.Qh8+ Ke7 47.Bd5 Qc2+ 48.Kg3 Rg6+ 49.Kh3 Qf5+  0-1

[Event "Titled Tue 18th Nov 2025"]
[Site "chess.com INT"]
[Date "2025.11.18"]
[Round "6"]
[White "Nakamura,Hi"]
[Black "Bortnyk,Olexandr"]
[Result "1-0"]
[WhiteElo "2813"]
[BlackElo "2601"]

1.d4 Nf6 2.Bg5 g6 3.Bxf6 exf6 4.e3 c6 5.g3 Qb6 6.b3 d5 7.Nf3 Bf5 8.Bg2 Bb4+
9.Nfd2 Nd7 10.a3 Qa6 11.Qe2 Qxe2+ 12.Kxe2 Be7 13.c4 Nb6 14.cxd5 cxd5 15.Nc3 Be6
16.b4 O-O-O 17.Rhc1 Kb8 18.Nb3 h5 19.Nc5 h4 20.Kf1 hxg3 21.hxg3 g5 22.a4 Nc4
23.Kg1 b6 24.Na6+ Kb7 25.b5 Nd2 26.Rc2 Nb3 27.Rb1 Na5 28.Nxd5 Bxd5 29.Rc7+ Ka8
30.Rxe7 Bxg2 31.Kxg2 Rc8 32.d5 Nc4 33.Nc7+ Kb8 34.Na6+ Ka8 35.Rxf7 g4 36.Nc7+ Kb8
37.Na6+ Ka8 38.Rxf6 Nd2 39.d6 Nf3 40.Nc7+ Kb7 41.Rxf3 gxf3+ 42.Kxf3 Rcd8
43.Nd5 Rxd6 44.e4 Rh2 45.g4 Rh3+ 46.Kf4 Rd8 47.g5 Rh4+ 48.Kf5 Rf8+ 49.Nf6 a5
50.f4 Rh2 51.e5 Rc2 52.g6 Rc4 53.g7 Rd8  1-0

[Event "Titled Tue 18th Nov 2025"]
[Site "chess.com INT"]
[Date "2025.11.18"]
[Round "7"]
[White "Carlsen,M"]
[Black "Nakamura,Hi"]
[Result "0-1"]
[WhiteElo "2839"]
[BlackElo "2813"]

1.e4 e5 2.Nf3 Nc6 3.Bc4 Nf6 4.d3 Bc5 5.Kf1 d5 6.exd5 Nxd5 7.Qe2 O-O 8.Nc3 Nxc3
9.bxc3 h6 10.h3 Re8 11.Be3 Bd6 12.Nd2 Be6 13.Bxe6 Rxe6 14.g4 Qd7 15.Ne4 Rf8
16.g5 hxg5 17.Nxg5 Rh6 18.h4 Ne7 19.Ne4 Rh7 20.h5 Nf5 21.Bd2 Be7 22.Re1 Nd6
23.Ng3 Qa4 24.h6 f6 25.d4 Qxc2 26.hxg7 Rxh1+ 27.Nxh1 Rf7 28.Ng3 Rxg7 29.dxe5 fxe5
30.Bh6 Qxe2+ 31.Rxe2 Rg6 32.Rxe5 Bf6 33.Rh5 Bxc3 34.Bf4 b6 35.Rd5 Bb4 36.Ke2 Kf7
37.Kf3 Ke6 38.Re5+ Kd7 39.Rh5 Rf6 40.Rh7+ Kc6 41.Kg4 Rg6+ 42.Kf3 Bc5 43.Ne4 Nxe4
44.Kxe4 Bd6 45.Be3 Rg4+ 46.f4 Rg2 47.f5 Rxa2 48.f6 Ra1 49.Rh5 Kd7 50.f7 Ke6
51.Rh7 Rf1  0-1

[Event "Titled Tue 18th Nov 2025"]
[Site "chess.com INT"]
[Date "2025.11.18"]
[Round "8"]
[White "Nakamura,Hi"]
[Black "Niemann,Hans Moke"]
[Result "1-0"]
[WhiteElo "2813"]
[BlackElo "2729"]

1.d4 Nf6 2.Bg5 d5 3.Nc3 Bf5 4.e3 e6 5.Bd3 Bg6 6.Nf3 Bb4 7.O-O Nbd7 8.Ne2 O-O
9.c4 dxc4 10.Bxc4 h6 11.Bh4 Be7 12.Nc3 c5 13.dxc5 Bxc5 14.Bd3 Bxd3 15.Qxd3 Be7
16.Rfd1 Qb6 17.Qb5 Rfc8 18.Rxd7 Qxb5 19.Nxb5 Nxd7 20.Bxe7 Rc2 21.Ba3 Rac8
22.Nc3 Nb6 23.Nd4 Rd2 24.Ne4 Rd3 25.Kf1 e5 26.Nf3 f6 27.Ke2 Rd7 28.Ne1 Rcd8
29.g4 h5 30.h3 hxg4 31.hxg4 Rc8 32.b3 Nd5 33.Rd1 Rcd8 34.Kf3 b6 35.Rc1 Rc7
36.Rxc7 Nxc7 37.Nd6 Nd5 38.Ne4 Kf7 39.Nd3 Ke6 40.Nb4 Rc8 41.Nxd5 Kxd5 42.Be7 Ke6
43.Bb4 Rc2 44.a4 Rb2 45.Nd2 a5 46.Bc3 Rc2 47.Ne4 g6 48.Be1 f5 49.gxf5+ gxf5
50.Nd2 Rc3 51.Ke2 Kd5 52.f3 e4 53.fxe4+ fxe4 54.Bh4 Rc2 55.Bf6 Rc6 56.Bd4 Rh6
57.Nc4 Rh2+ 58.Kd1 Rh1+ 59.Kc2 Rh2+ 60.Kc3 Rh1 61.Nxb6+ Kc6 62.Nc4 Kd5 63.Nxa5 Rc1+
64.Kb4 Rd1 65.Nc4  1-0

[Event "Titled Tue 18th Nov 2025"]
[Site "chess.com INT"]
[Date "2025.11.18"]
[Round "9"]
[White "Fedoseev,Vl3"]
[Black "Nakamura,Hi"]
[Result "0-1"]
[WhiteElo "2717"]
[BlackElo "2813"]

1.e4 e5 2.Nf3 Nc6 3.Bb5 Nf6 4.d3 Ne7 5.Bc4 c6 6.Nc3 Ng6 7.d4 Bb4 8.Nxe5 Nxe5
9.dxe5 Nxe4 10.O-O Bxc3 11.bxc3 O-O 12.Qd4 d5 13.exd6 Re8 14.Re1 Bf5 15.Bf4 Qd7
16.f3 Nf6 17.Rxe8+ Rxe8 18.Qxa7 Bxc2 19.h3 Nd5 20.Bxd5 cxd5 21.Qd4 Qc6 22.Rc1 Bf5
23.c4 dxc4 24.Rxc4 Qb5 25.a4 Qb1+ 26.Kh2 Bd7 27.Rc7 Qf5 28.Rxb7 h5 29.Bg3 Re2
30.Qc4 Qxh3+  0-1

[Event "Titled Tue 18th Nov 2025"]
[Site "chess.com INT"]
[Date "2025.11.18"]
[Round "10"]
[White "Nakamura,Hi"]
[Black "Vachier Lagrave,M"]
[Result "1-0"]
[WhiteElo "2813"]
[BlackElo "2740"]

1.e4 c5 2.c3 Nf6 3.e5 Nd5 4.Nf3 Nc6 5.Bc4 Nb6 6.Bb3 d5 7.exd6 c4 8.Bc2 Qxd6
9.d4 cxd3 10.Qxd3 Qxd3 11.Bxd3 Bg4 12.Be4 Nd7 13.h3 Bh5 14.O-O Bg6 15.Bxg6 hxg6
16.Re1 e6 17.Nbd2 Be7 18.Nb3 O-O-O 19.Be3 Nf6 20.Nbd4 Nxd4 21.Bxd4 a6 22.Rad1 Ne8
23.Ne5 Rf8 24.Nc4 b5 25.Na5 Bf6 26.Nc6 Rd6 27.Bc5 Rxd1 28.Rxd1 Rh8 29.a4 bxa4
30.Ra1 Rh5 31.Be3 Rb5 32.Na7+ Kb7 33.Nxb5 axb5 34.Bc5 Kc6 35.Ba3 Nc7 36.Kf1 Nd5
37.g3 Nb6 38.Ke2 Nc4 39.Kd3 g5 40.Kc2 Bd8 41.Bf8 g6 42.Bh6 f6 43.Re1 e5 44.f4 gxf4
45.gxf4 exf4 46.Bxf4 g5 47.Bg3 f5 48.Re8 Kd7 49.Rg8 Ne3+ 50.Kd3 Nc4 51.Kc2 Ne3+
52.Kb1 f4 53.Bf2 Nc4 54.Kc2 Nd6 55.Rg6 Nc4 56.Bd4 Be7 57.b3 axb3+ 58.Kxb3 f3
59.Kc2 Nd6 60.Kd3 Nf5 61.Bf2 b4 62.cxb4 Bxb4 63.Rxg5 Ke6 64.Ke4 Nd6+ 65.Kxf3 Nf7
66.Rb5 Be7 67.h4 Ne5+ 68.Ke4 Nc4 69.Rb8 Nd6+ 70.Kf3 Kf5 71.Ra8 Nf7 72.Bg3 Bf6
73.Ra5+ Kg6 74.h5+ Kg7 75.Bf4 Bb2 76.Ra6 Bc3 77.Kg4 Kh7 78.Ra7 Kg8 79.Kf5 Bg7
80.Rc7 Bf8 81.Kf6 Bg7+ 82.Ke6 Nd8+ 83.Ke7 Nf7 84.Rc8+ Bf8+ 85.Rxf8+ Kh7 86.Rxf7+  1-0

[Event "Titled Tue 18th Nov 2025"]
[Site "chess.com INT"]
[Date "2025.11.18"]
[Round "11"]
[White "Xiong,Jeffery"]
[Black "Nakamura,Hi"]
[Result "1/2-1/2"]
[WhiteElo "2649"]
[BlackElo "2813"]

1.e4 c5 2.Nf3 Nc6 3.Bb5 g6 4.c3 a6 5.Bxc6 dxc6 6.d4 cxd4 7.cxd4 Bg7 8.Be3 Nf6
9.Nc3 O-O 10.h3 Nd7 11.O-O b5 12.Rc1 Bb7 13.Qe2 a5 14.Rfd1 Qb8 15.d5 Rc8
16.dxc6 Bxc6 17.Nd5 Bxd5 18.Rxd5 Rxc1+ 19.Bxc1 Qc8 20.Bg5 b4 21.Bxe7 Qe8
22.Qb5 Qxe7 23.Rxd7 Qxe4 24.Rxf7 Rd8 25.Rd7 Rxd7 26.Qxd7 Bxb2 27.Qd8+ Kg7
28.Qxa5 h6 29.Qc7+ Kh8 30.Qd8+ Kh7 31.Qd7+ Bg7 32.Qd1 Qc4 33.Qb3 Qe4 34.g3 Bc3
35.Qf7+ Bg7 36.h4 Qb1+ 37.Kg2 Qe4 38.Qd7 g5 39.hxg5 hxg5 40.g4 Kg6 41.Qc8 Bf6
42.Qg8+ Kh6 43.Qf8+ Kg6 44.Qg8+ Kh6 45.Qc8 Kg6 46.Qg8+  1/2-1/2

[Event "2nd 3-0 Thu 20th Nov 2025"]
[Site "chess.com INT"]
[Date "2025.11.20"]
[Round "1"]
[White "George,Kevin"]
[Black "Nakamura,Hi"]
[Result "0-1"]
[WhiteElo "2320"]
[BlackElo "2813"]

1.e4 Nf6 2.e5 Nd5 3.d4 Nb6 4.Nf3 d6 5.a4 a5 6.Nc3 g6 7.Be2 Bg7 8.Bf4 O-O
9.h3 Nc6 10.O-O dxe5 11.dxe5 Bf5 12.Bd3 Bxd3 13.cxd3 Qd7 14.d4 Nb4 15.Be3 N6d5
16.Qd3 Nxd3 17.Rfd1 Nxb2 18.Rdb1 Nc4 19.Nxd5 Qxd5  0-1

[Event "2nd 3-0 Thu 20th Nov 2025"]
[Site "chess.com INT"]
[Date "2025.11.20"]
[Round "2"]
[White "Nakamura,Hi"]
[Black "Urazayev,Arystanbek"]
[Result "1-0"]
[WhiteElo "2813"]
[BlackElo "2488"]

1.Nf3 Nf6 2.d4 e6 3.e3 d5 4.Bd3 Be7 5.b3 O-O 6.Bb2 b6 7.O-O Bb7 8.Nbd2 Nbd7
9.Qe2 Ne4 10.Rfd1 Ndf6 11.c4 a5 12.a3 Re8 13.Rac1 Bf8 14.Ne5 Nxd2 15.Qxd2 Ne4
16.Qc2 f6 17.cxd5 exd5 18.Qxc7 Qxc7 19.Rxc7 Re7 20.Rxe7 Bxe7 21.Nf3 Rc8 22.Nd2 Nxd2
23.Rxd2 Kf7 24.g4 g6 25.h3 Rc7 26.Kg2 Bd6 27.f3 Rc8 28.Kf2 Rh8 29.Kg1 h5
30.Bf1 hxg4 31.hxg4 Re8 32.Kf2 Rh8 33.Rc2 g5 34.Kg1 Re8 35.Bc1 Rh8 36.b4 axb4
37.axb4 Rc8 38.Rxc8 Bxc8 39.Bd2 Ke6 40.Bd3 Ke7 41.Kf2 Bd7 42.Ke2 Be8 43.e4 Bc6
44.e5 fxe5 45.dxe5 Bxe5 46.Bxg5+ Kf7 47.b5 Bd7 48.Bd2 Bd6 49.Be3 Bc7 50.g5 Bd8
51.f4 Bc7 52.f5 Kg7 53.Bd4+ Kf8 54.g6 Bd8 55.f6 Be8 56.Kf3 Bd7 57.Kf4 Bc7+
58.Be5 Bd8 59.Bd6+  1-0

[Event "2nd 3-0 Thu 20th Nov 2025"]
[Site "chess.com INT"]
[Date "2025.11.20"]
[Round "3"]
[White "Dudin,Gleb"]
[Black "Nakamura,Hi"]
[Result "0-1"]
[WhiteElo "2585"]
[BlackElo "2813"]

1.Nf3 d5 2.g3 Nc6 3.d4 Bf5 4.Bg2 e6 5.O-O Nb4 6.Na3 Nf6 7.c3 Na6 8.Ne5 c6
9.Nc2 h6 10.Ne1 Be4 11.f3 Bh7 12.N1d3 Nd7 13.a4 Nxe5 14.Nxe5 Bd6 15.b4 O-O
16.e4 dxe4 17.fxe4 Bxe5 18.dxe5 Qb6+ 19.Kh1 Rad8 20.Qe2 Qc7 21.Bf4 Nb8 22.Rad1 Nd7
23.Qf2 c5 24.Rd6 Nb6 25.a5 Nc4 26.Rxd8 Rxd8 27.h4 h5 28.Qe2 cxb4 29.cxb4 b5
30.axb6 axb6 31.Qxh5 Rd4 32.Qe2 Qc6 33.Re1 Qa4 34.h5 Qxb4 35.h6 Nd2 36.Rd1 Nxe4
37.Ra1 Rd8 38.hxg7 Bg6 39.Qe3 Qc3 40.Qxc3 Nxc3 41.Ra6 Be4 42.Bxe4 Nxe4 43.Rxb6 Kxg7
44.Kg2 Kg6 45.Kf3 Nc3 46.Kg4 Nd5 47.Rb7 Rh8 48.Rb1 Rh2 49.Rb8 Kg7 50.Rb7 Rf2
51.Rd7 Kg6 52.Rb7 Rf1 53.Rb8 f5+ 54.exf6 Nxf6+ 55.Kh3 Rf2 56.Be3 Rh2+  0-1

[Event "2nd 3-0 Thu 20th Nov 2025"]
[Site "chess.com INT"]
[Date "2025.11.20"]
[Round "4"]
[White "Nakamura,Hi"]
[Black "Vetokhin,Savva"]
[Result "1/2-1/2"]
[WhiteElo "2813"]
[BlackElo "2572"]

1.Nf3 Nf6 2.d4 e6 3.e3 c5 4.Bd3 cxd4 5.exd4 b6 6.c3 Be7 7.O-O O-O 8.Re1 Ba6
9.Bc2 d6 10.Bf4 Nbd7 11.Nbd2 Bb7 12.h3 h6 13.Qe2 Re8 14.Rad1 Qc7 15.Bh2 a6
16.a4 Nf8 17.Bd3 Qd7 18.Nc4 Qc7 19.a5 b5 20.Nb6 Rab8 21.c4 bxc4 22.Nxc4 N8d7
23.Rc1 Bc6 24.Nfd2 Rb4 25.Rc2 Qb8 26.b3 Bd5 27.Rec1 Bf8 28.Ne3 Bxb3 29.Nxb3 Rxb3
30.Bxa6 e5 31.dxe5 Nxe5 32.Bxe5 Rxe5 33.Rc8 Qb4 34.Bc4 Rb1 35.Bxf7+ Kxf7
36.Qa2+ Rb3 37.R8c3 Rxa5 38.Qxb3+ Qxb3 39.Rxb3 d5 40.Rb7+ Kg6 41.g4 h5 42.Rc6 d4
43.Nf5 hxg4 44.hxg4 d3 45.Ne3 Bc5 46.Rd7 Bxe3 47.fxe3 Ra4 48.Rxd3 Rxg4+ 49.Kf2 Kf5
50.Rc5+ Ke6 51.Ra5 Rh4 52.Rb3 Ne4+ 53.Ke2 Rh2+ 54.Kd3 Nf2+ 55.Kc3 Nd1+ 56.Kc4 Rh4+
57.Kb5 Rh5+ 58.Kb4 Rxa5 59.Kxa5 Ke5 60.Rd3 Nf2 61.Rd4 g5 62.Kb4 g4 63.Kc3 g3
64.Rd8 Ng4 65.Rd1 Nxe3 66.Rg1 Kf4 67.Kd3 Kf3 68.Re1 g2 69.Rxe3+ Kf2 70.Re2+ Kf1
71.Ra2 g1=Q 72.Ra1+ Kf2 73.Rxg1 Kxg1  1/2-1/2

[Event "2nd 3-0 Thu 20th Nov 2025"]
[Site "chess.com INT"]
[Date "2025.11.20"]
[Round "5"]
[White "Movahed,Sina"]
[Black "Nakamura,Hi"]
[Result "1-0"]
[WhiteElo "2596"]
[BlackElo "2813"]

1.e4 e5 2.Nf3 Nc6 3.Bb5 a6 4.Ba4 g6 5.O-O Bg7 6.Re1 Nge7 7.c3 O-O 8.d4 d6
9.h3 b5 10.Bc2 exd4 11.cxd4 Nb4 12.Nc3 c5 13.Be3 c4 14.d5 Nxc2 15.Qxc2 Bd7
16.Bd4 f6 17.a4 g5 18.axb5 axb5 19.Ne2 Ng6 20.Rxa8 Qxa8 21.b3 cxb3 22.Qxb3 Rc8
23.Qb2 Ne5 24.Nxe5 fxe5 25.Be3 Qa4 26.Ng3 Rc2 27.Qb1 h6 28.Nf5 Bxf5 29.exf5 b4
30.Rc1 Rxc1+ 31.Qxc1 b3 32.Qc8+ Kh7 33.Qb7 Kg8 34.Kh2 e4 35.Qb8+ Bf8 36.Qc8 b2
37.Qe6+ Kh8 38.Qf7 b1=Q 39.Qxf8+ Kh7 40.Qf7+ Kh8 41.f6  1-0

[Event "2nd 3-0 Thu 20th Nov 2025"]
[Site "chess.com INT"]
[Date "2025.11.20"]
[Round "6"]
[White "Nakamura,Hi"]
[Black "Lortkipanidze,N"]
[Result "1-0"]
[WhiteElo "2813"]
[BlackElo "2366"]

1.d4 e6 2.Nf3 f5 3.e3 b6 4.Bd3 Bb7 5.O-O Nf6 6.c4 a5 7.b3 Bd6 8.Ba3 Bxa3
9.Nxa3 O-O 10.Rc1 Qe7 11.Nb5 d6 12.d5 Na6 13.Nbd4 Nc5 14.Bb1 Nfe4 15.dxe6 Nxe6
16.a3 Nxd4 17.Nxd4 Rae8 18.f3 Ng5 19.Nxf5 Rxf5 20.Bxf5 Qxe3+ 21.Kh1 Rf8 22.Re1 Qf4
23.Be6+ Kh8 24.Bd5 c6 25.Be4 d5 26.cxd5 cxd5 27.Bxd5 Rd8 28.Bxb7 Rxd1 29.Rc8+ Rd8
30.Rxd8+ Qf8 31.Rxf8+  1-0

[Event "2nd 3-0 Thu 20th Nov 2025"]
[Site "chess.com INT"]
[Date "2025.11.20"]
[Round "7"]
[White "Artemiev,V"]
[Black "Nakamura,Hi"]
[Result "0-1"]
[WhiteElo "2637"]
[BlackElo "2813"]

1.Nf3 d5 2.g3 g6 3.Bg2 Bg7 4.d4 Nd7 5.O-O Ngf6 6.Nbd2 Nb6 7.b3 O-O 8.Bb2 Ne4
9.e3 c6 10.c4 Bg4 11.Rc1 Qd7 12.Qe1 Nxd2 13.Qxd2 Bh3 14.Rfd1 Bxg2 15.Kxg2 Rfd8
16.Qe2 Qg4 17.Qc2 Rac8 18.h3 Qe6 19.Ba3 h6 20.Qd3 f5 21.Rc2 Bf6 22.Kg1 Nd7
23.Rdc1 Kg7 24.Qe2 Qf7 25.Ne1 dxc4 26.bxc4 e5 27.Nf3 e4 28.Ne1 c5 29.Bb2 Nb6
30.d5 Nd7 31.Ng2 g5 32.f4 exf3 33.Qxf3 Bxb2 34.Rxb2 Ne5 35.Qe2 b6 36.Rf1 Qg6
37.Qc2 Rf8 38.Kh2 Rce8 39.Qc3 Qf6 40.Rc2 Nf7 41.Qa3 Re7 42.Rcf2 Nd6 43.Qd3 Qe5
44.Rf3 Qe4 45.Qc3+ Kg8 46.Kg1 Qxc4 47.Qd2 Qe4 48.g4 Ref7 49.Qf2 fxg4 50.Rxf7 Rxf7
51.Qg3 Rxf1+ 52.Kxf1 Qf3+ 53.Qxf3 gxf3 54.Ne1 Kg7 55.Nxf3 Kf6 56.Ke2 h5 57.Nh2 Kf5
58.Kf3 Ke5 59.Ke2 Kxd5 60.Nf3 Ne4 61.Ne1 Nc3+ 62.Kd3 Nxa2 63.e4+ Ke5 64.Nf3+ Kf4
65.Nd2 Nb4+ 66.Kc4 g4 67.hxg4 hxg4 68.e5 Kxe5 69.Nf1 Kf4 70.Kc3 g3 71.Nxg3 Kxg3
72.Kc4 Kf4 73.Kb3 Ke4 74.Kc4 Nd5 75.Kb5 Kd4 76.Kc6 c4 77.Kd6 c3 78.Kc6 c2
79.Kd6 c1=Q 80.Ke6 Qc5  0-1

[Event "2nd 3-0 Thu 20th Nov 2025"]
[Site "chess.com INT"]
[Date "2025.11.20"]
[Round "8"]
[White "Nakamura,Hi"]
[Black "Steinberg,N"]
[Result "1-0"]
[WhiteElo "2813"]
[BlackElo "2556"]

1.Nf3 d5 2.d4 Nf6 3.e3 e6 4.Bd3 c5 5.b3 Nc6 6.Bb2 Be7 7.O-O O-O 8.Nbd2 b6
9.a3 Bb7 10.Qe2 Rc8 11.Rfd1 Qc7 12.Rac1 Rfd8 13.dxc5 bxc5 14.c4 d4 15.exd4 Nxd4
16.Nxd4 cxd4 17.b4 e5 18.Re1 a5 19.c5 axb4 20.axb4 Nd5 21.c6 Bxc6 22.b5 Nf4
23.Qf1 Qb8 24.bxc6 Qxb2 25.Nc4 Qb3 26.Bf5 Rc7 27.Nxe5 d3 28.Rb1 Qd5 29.Bxd3 Nxd3
30.Qxd3 Qxd3 31.Nxd3 Bd6 32.Rec1 g6 33.Rc3 Rdc8 34.Rbc1 f5 35.g3 Kf7 36.Kg2 Ke6
37.Ne1 Be5 38.Re3 Kf6 39.Nf3 Bd6 40.Nd4 Kf7 41.Nb5 Rxc6 42.Nxd6+  1-0

[Event "2nd 3-0 Thu 20th Nov 2025"]
[Site "chess.com INT"]
[Date "2025.11.20"]
[Round "9"]
[White "Nakamura,Hi"]
[Black "Anton Guijarro,D"]
[Result "1-0"]
[WhiteElo "2813"]
[BlackElo "2648"]

1.Nf3 Nf6 2.d4 e6 3.e3 d5 4.Bd3 c5 5.b3 Be7 6.Bb2 O-O 7.O-O Nc6 8.Nbd2 a6
9.Re1 b5 10.a4 b4 11.dxc5 Nd7 12.Nd4 Bb7 13.Nxc6 Bxc6 14.Qg4 e5 15.Bf5 Bxc5
16.Rad1 Qe7 17.Ne4 Nf6 18.Nxf6+ Qxf6 19.Bd7 Bb7 20.Qg3 Bd6 21.Bg4 Qe7 22.Bf3 Rac8
23.Bxd5 Bxd5 24.Rxd5 f6 25.Rd2 Rc6 26.Qf3 Rfc8 27.Qe4 Qe6 28.g4 Be7 29.h3 g6
30.Red1 Kf7 31.Kg2 f5 32.Qxe5 Qxe5 33.Bxe5 Rxc2 34.gxf5 gxf5 35.Rd7 Ke6 36.Bg3 R2c3
37.Ra7 R8c6 38.Rdd7 Bd6 39.Rxh7 Bxg3 40.Kxg3 Rxb3 41.Kf4 Rb2 42.f3 Rc4+ 43.e4 fxe4
44.fxe4 Rf2+ 45.Ke3 Rfc2 46.Rxa6+ Rc6 47.Rxc6+ Rxc6 48.Rh6+ Ke5 49.Rxc6 b3
50.Rc5+  1-0

[Event "2nd 3-0 Thu 20th Nov 2025"]
[Site "chess.com INT"]
[Date "2025.11.20"]
[Round "10"]
[White "Xiong,Jeffery"]
[Black "Nakamura,Hi"]
[Result "0-1"]
[WhiteElo "2649"]
[BlackElo "2813"]

1.e4 e5 2.Nf3 Nc6 3.Bc4 Nf6 4.d3 Bc5 5.c3 h6 6.O-O O-O 7.Re1 d6 8.Nbd2 Bb6
9.a4 a5 10.h3 Ne7 11.d4 Ng6 12.Bf1 c6 13.Nc4 Bc7 14.dxe5 dxe5 15.Qxd8 Rxd8
16.Be3 Be6 17.Bb6 Bxb6 18.Nxb6 Rab8 19.Bc4 Nd7 20.Nxd7 Bxd7 21.Red1 Kf8 22.b4 Ra8
23.Ra2 f6 24.bxa5 Rxa5 25.Rb2 Ra7 26.a5 Ke7 27.Kh2 Rda8 28.Ne1 Bc8 29.Rbd2 Rxa5
30.Rd8 Be6 31.Rxa8 Rxa8 32.Bxe6 Kxe6 33.Nd3 b6 34.Rb1 b5 35.Nc5+ Kd6 36.Nb7+ Ke7
37.Nc5 Nf8 38.c4 bxc4 39.Rc1 Ne6 40.Nxe6 Kxe6 41.Rxc4 Kd6 42.Kg3 c5 43.Kg4 g6  0-1

[Event "2nd 3-0 Thu 20th Nov 2025"]
[Site "chess.com INT"]
[Date "2025.11.20"]
[Round "11"]
[White "Nakamura,Hi"]
[Black "Moussard,J"]
[Result "1-0"]
[WhiteElo "2813"]
[BlackElo "2600"]

1.Nf3 d5 2.e3 Nf6 3.d4 e6 4.Bd3 Bd6 5.b3 O-O 6.Bb2 b6 7.O-O Bb7 8.Nbd2 Nbd7
9.Qe2 c5 10.Rfd1 Qe7 11.Ne5 Rac8 12.a3 Bb8 13.Rac1 Rfd8 14.Nxd7 Nxd7 15.Ba6 Nf8
16.Bxb7 Qxb7 17.dxc5 bxc5 18.c4 Ng6 19.cxd5 exd5 20.g3 a5 21.Rc2 a4 22.bxa4 c4
23.Nf3 Qc6 24.h4 h6 25.Nd4 Qd7 26.Nb5 Qe6 27.Rcd2 Be5 28.Bd4 Bxd4 29.Nxd4 Qa6
30.Nf5 Qf6 31.Nd4 Qa6 32.Nb5 Qxa4 33.Nc3 Qxa3 34.Nxd5 Qa5 35.h5 c3 36.hxg6 cxd2
37.Ne7+ Kf8 38.Nxc8 Rxc8 39.Rxd2 fxg6 40.Rd7 Qf5 41.Rd4 Rc2 42.Qe1 g5 43.Rd2 Rxd2
44.Qxd2 Qf6 45.Qd7 Qe6 46.Qxe6 g4 47.Qxg4 g6 48.Qxg6 h5 49.Qh7 h4 50.gxh4 Ke8
51.Qg7 Kd8 52.h5 Kc8 53.h6 Kb8 54.h7 Ka8 55.f4  1-0

[Event "Titled Tue 25th Nov 2025"]
[Site "chess.com INT"]
[Date "2025.11.25"]
[Round "1"]
[White "Nakamura,Hi"]
[Black "Camacho,G"]
[Result "1-0"]
[WhiteElo "2813"]
[BlackElo "2279"]

1.Nf3 Nf6 2.b3 b6 3.Bb2 Bb7 4.g3 g6 5.Bg2 Bg7 6.d4 O-O 7.O-O c5 8.dxc5 bxc5
9.c4 Nc6 10.Qc1 Qc7 11.Nc3 d6 12.Rd1 Rfd8 13.e4 a6 14.Nd5 Nxd5 15.exd5 Bxb2
16.Qxb2 Ne5 17.Nxe5 dxe5 18.Re1 f6 19.Re3 e6 20.Rd1 exd5 21.cxd5 Qd6 22.Qe2 Re8
23.f4 Re7 24.fxe5 Rxe5 25.Rxe5 Qxe5 26.Qxe5 fxe5 27.Rc1 Rc8 28.Bh3 Rd8 29.Rxc5 Kf8
30.Be6 Rd6 31.b4 Rb6 32.a3 h5 33.h4 Rb5 34.Rxb5 axb5 35.Bd7 Bxd5 36.Bxb5 Ke7
37.Kf2 Kf6 38.Ke3 g5 39.Be2 g4 40.a4 Ke6 41.a5 Kd6 42.Bd3 Bf7 43.b5 Kc5 44.b6  1-0

[Event "Titled Tue 25th Nov 2025"]
[Site "chess.com INT"]
[Date "2025.11.25"]
[Round "2"]
[White "Radzimski,Antoni"]
[Black "Nakamura,Hi"]
[Result "0-1"]
[WhiteElo "2336"]
[BlackElo "2813"]

1.d4 e6 2.c4 Bb4+ 3.Nc3 f5 4.Nf3 Bxc3+ 5.bxc3 Nf6 6.g3 b6 7.Bg2 Bb7 8.O-O O-O
9.c5 Bd5 10.Ba3 Re8 11.Qc2 Nc6 12.cxb6 axb6 13.Bb2 Na5 14.Nd2 Bxg2 15.Kxg2 d5
16.Nf3 Nd7 17.Bc1 Nc4 18.Bf4 Qc8 19.a4 c6 20.Rfb1 Qa6 21.h4 Ra7 22.h5 h6
23.Qd3 Rea8 24.Nh4 Nf6 25.Qf3 Qc8 26.Ng6 Qe8 27.Be5 Ne4 28.Qd3 Rxa4 29.Rxa4 Rxa4
30.f3 Ng5 31.Nf4 Ra2 32.Rd1 b5 33.Kf2 Nb2 34.Qc2 Nxd1+ 35.Qxd1 Nf7 36.Bc7 Qc8
37.Bb6 Qa6 38.Bc5 Qa4 39.Qd3 Ng5 40.Qe3 Qd1 41.Qe5 Ra1 42.Ke3 Qc1+ 43.Kd3 Ra2  0-1

[Event "Titled Tue 25th Nov 2025"]
[Site "chess.com INT"]
[Date "2025.11.25"]
[Round "3"]
[White "Nakamura,Hi"]
[Black "Rakhmanov,Ale"]
[Result "1-0"]
[WhiteElo "2813"]
[BlackElo "2585"]

1.Nf3 Nf6 2.d4 g6 3.b3 Bg7 4.Bb2 O-O 5.g3 c5 6.dxc5 Qa5+ 7.Nbd2 Qxc5 8.e3 Nc6
9.a3 a5 10.Bg2 d6 11.O-O Qh5 12.c4 Bg4 13.Qc2 Rac8 14.Rac1 Rfd8 15.Qb1 b5
16.Rfe1 b4 17.Nd4 Nxd4 18.exd4 e6 19.axb4 axb4 20.Qa2 d5 21.Qa5 Rb8 22.c5 Bh6
23.f4 Bh3 24.c6 Rdc8 25.Re5 Bf5 26.Nf1 Bf8 27.h3 Qh6 28.g4 Bxg4 29.hxg4 Qxf4
30.c7 Ra8 31.Qxa8 Rxa8 32.c8=Q Rxc8 33.Rxc8 Nxg4 34.Re2 Kg7 35.Bc1 Qxd4+
36.Ne3 Qd3 37.Bf1 Nxe3 38.Rxe3 Qd1 39.Bb2+ d4 40.Re4 e5 41.Rc1 Qd2 42.Re2 Qg5+
43.Bg2 Bd6 44.Rd1 h5 45.Bc1 Qg4 46.Rde1 d3 47.Re4 Bc5+ 48.Kh2 Qf5 49.Bb2 Bd6
50.Rd1 Qf2 51.Rxd3 Qxb2 52.Rxd6 Qxb3 53.Rxe5 Qc3 54.Re7 Qf6 55.Rxf6 Kxf6
56.Rb7  1-0

[Event "Titled Tue 25th Nov 2025"]
[Site "chess.com INT"]
[Date "2025.11.25"]
[Round "4"]
[White "Oparin,G"]
[Black "Nakamura,Hi"]
[Result "0-1"]
[WhiteElo "2660"]
[BlackElo "2813"]

1.g3 e5 2.c4 Nf6 3.Bg2 c6 4.Nf3 e4 5.Nd4 Qb6 6.Nb3 a5 7.d4 Bb4+ 8.Nc3 a4
9.c5 Qa7 10.Nd2 d5 11.cxd6 Qxd4 12.Ndxe4 Qxd1+ 13.Kxd1 Nxe4 14.Nxe4 a3 15.bxa3 Bxa3
16.Bxa3 Rxa3 17.Kc2 Na6 18.Kb2 Ra5 19.a4 Be6 20.Rhd1 Kd7 21.Nc3 Ra8 22.Rd4 Nc5
23.Ra3 b5 24.e4 f6 25.f4 bxa4 26.e5 Rb8+ 27.Kc2 Bf5+ 28.Kd1 fxe5 29.fxe5 Rb2
30.Bf3 Nb3 31.Rf4 Rxe5 32.Be4 Rd2+ 33.Ke1 Bxe4 34.Rxe4 Rxe4+ 35.Nxe4 Rd4
36.Nc3 Nc5 37.Ne2 Rd3 38.Ra1 a3 39.Nc1 Rc3 40.Ne2 Re3 41.Kd2 Rf3 42.Nd4 Rd3+  0-1

[Event "Titled Tue 25th Nov 2025"]
[Site "chess.com INT"]
[Date "2025.11.25"]
[Round "5"]
[White "Nakamura,Hi"]
[Black "Shimanov,A"]
[Result "1-0"]
[WhiteElo "2813"]
[BlackElo "2578"]

1.Nf3 g6 2.e4 d6 3.d4 Nf6 4.Bd3 Bg7 5.O-O O-O 6.c3 c5 7.e5 dxe5 8.dxe5 Ng4
9.Bf4 Nc6 10.Re1 c4 11.Bxc4 Qxd1 12.Rxd1 Ngxe5 13.Nxe5 Nxe5 14.Be2 Be6 15.Nd2 Rfd8
16.Nb3 Nc4 17.Bxc4 Bxc4 18.Na5 Bd5 19.Rd2 b6 20.Rad1 e6 21.Nc6 Re8 22.Nb4 Bc4
23.Rd7 Rec8 24.Nc6 Re8 25.Ne5 Bxa2 26.Nxf7 e5 27.Nh6+ Kh8 28.Bg5 Be6 29.Rc7 a5
30.Rd6 b5 31.h4 e4 32.Rb6 Rab8 33.Re7 Bc4 34.Rbb7 Bxh6 35.Rxh7+ Kg8 36.Bxh6 Rxb7
37.Rxb7 Re6 38.Be3 Rf6 39.Bd4 Rf7 40.Rb6 Kh7 41.Rb8 Kh6 42.g4 Rh7 43.Kg2 Be2
44.Kg3 a4 45.Rg8  1-0